000 00520nam a2200193Ia 4500
003 GCL
008 140319s9999 xx 000 0 eng d
040 _aGCL /
_cGCL
082 0 4 _aCH
_b843
_bB N
100 1 _aBILSTEIN, JACQUES THOMAS VALERIANE
245 1 0 _aMOUGAT: ET LE PRINTEMPS /
_cBILSTEIN, JACQUES THOMAS VALERIANE
260 _a[S.N] :
_bHEMMA
650 0 4 _aFRENCH BOOKS
650 0 4 _aFICTION
650 0 4 _aFRENCH FICTION
650 0 4 _aFRENCH LITERATURE
650 0 4 _aCHILDREN - FICTION
942 _2ddc
_cBK
999 _c14630
_d14630